000 00680nam a2200289Ia 4500
005 20260324122524.0
008 008 260324s9999 xx 000 0 eng d
020 _a9781315602554
037 _aEBOOK
040 _aCRL
040 _beng
040 _cCRL
041 _2eng
041 _aeng
084 _qCRL
100 _aJames Charles Smith
_91166767
245 0 _aProperty and Sovereignty
245 0 _bLegal and Cultural Perspectives
260 _bTaylor and Francis
260 _c2013
365 _a
365 _b240
856 _uhttp://www.taylorfrancis.com/books/9781315602554
942 _cEBOOK
999 _c1759586
_d1759586